Zákonitosti integrácie a socialistická sústava

Saved in:
Bibliographic Details
Main Author: Pecho, Michal
Format: Book
Language:Slovak
Published: Bratislava Vysoká škola ekonomická 1983
Tags: Add Tag
No Tags, Be the first to tag this record!

MARC

LEADER 00000nam a2200000 4500
001 c134628
005 20190110074516.7
041 0 |a slo 
044 |a SK 
245 1 0 |a Zákonitosti integrácie a socialistická sústava  |c Michal Pecho 
264 1 |a Bratislava  |b Vysoká škola ekonomická  |c 1983 
300 |a 280 s. 
100 1 |a Pecho, Michal